Serve to lead : your transformational 21st century leadership system

Cung cấp mô hình của một nhà lãnh đạo thế kỉ XXI mới, với tầm nhìn thực sự của một nhà lãnh đạo, khả năng cạnh tranh đầy thuyết phục từ dịch vụ khách hàng, quản lý đến truyền thông, giúp những nhà lãnh đạo ở mọi cấp độ có thể phụng...

Cur síos iomlán

Đã lưu trong:
Sonraí Bibleagrafaíochta
Príomhúdar: Strock, James
Údair Eile: Thu Huyền
Formáid: Leabhar
Teanga:Undetermined
Foilsithe: H. Lao động ; Công ty Sách Thái Hà 2016
Ábhair:
Rochtain Ar Líne:http://lrc.tdmu.edu.vn/opac/search/detail.asp?aID=2&ID=29280
Clibeanna: Cuir Clib Leis
Gan Chlibeanna, Bí ar an gcéad duine leis an taifead seo a chlibeáil!
Thư viện lưu trữ: Trung tâm Học liệu Trường Đại học Thủ Dầu Một
LEADER 01158nam a2200205Ia 4500
001 TDMU_29280
008 210410s9999 xx 000 0 und d
082 |a 372.2164 
090 |b STR419 
100 |a Strock, James 
245 0 |a Serve to lead : your transformational 21st century leadership system 
260 |a H. 
260 |b Lao động ; Công ty Sách Thái Hà 
260 |c 2016 
300 |a 342 tr. 
520 |a Cung cấp mô hình của một nhà lãnh đạo thế kỉ XXI mới, với tầm nhìn thực sự của một nhà lãnh đạo, khả năng cạnh tranh đầy thuyết phục từ dịch vụ khách hàng, quản lý đến truyền thông, giúp những nhà lãnh đạo ở mọi cấp độ có thể phụng sự được các đồng nghiệp, khách hàng và cộng đồng của chính họ  
650 |a Khả năng điều hành; Khả năng lãnh đạo 
700 |a Thu Huyền 
856 |u http://lrc.tdmu.edu.vn/opac/search/detail.asp?aID=2&ID=29280 
980 |a Trung tâm Học liệu Trường Đại học Thủ Dầu Một